Largest Cities by Western European Country - Statistics

General Stats
  • This quiz has been taken 21 times
  • The average score is 68 of 112
Answer Stats
Hint Population Answer % Correct
Netherlands 1,136,210 Amsterdam
95%
Greece 643,449 Athens
95%
Germany 3,685,265 Berlin
95%
137,995 Bern
95%
1,121,408 Birmingham
95%
1,024,621 Cologne
95%
Denmark 1,396,508 Copenhagen
95%
Ireland 592,713 Dublin
95%
756,021 Frankfurt am Main
95%
617,794 Glasgow
95%
Finland 684,018 Helsinki
95%
Portugal 545,796 Lisbon
95%
506,552 Liverpool
95%
United Kingdom 8,776,535 London
95%
520,774 Lyon
95%
1,366,155 Milan
95%
Monaco 37,308 Monaco
95%
1,505,005 Munich
95%
908,082 Naples
95%
France 2,113,705 Paris
95%
Italy 2,746,984 Rome
95%
1,809,412 Stockholm
95%
856,745 Turin
95%
Vatican City 882 Vatican City
95%
Austria 2,028,289 Vienna
95%
Switzerland 436,551 Zürich
95%
Andorra 20,719 Andorra la Vella
89%
1,686,208 Barcelona
89%
Belgium 1,255,796 Brussels
89%
222,526 Cork
89%
209,061 Geneva
89%
604,616 Gothenburg
89%
1,862,565 Hamburg
89%
536,321 Leeds
89%
Luxembourg 136,161 Luxembourg
89%
Spain 3,422,416 Madrid
89%
339,316 Malmö
89%
877,215 Marseille
89%
353,701 Nice
89%
Norway 724,290 Oslo
89%
231,796 Porto
89%
Iceland 136,894 Reykjavík
89%
868,135 Rotterdam
89%
851,010 The Hague
89%
309,615 Thessaloniki
89%
6,031 Vaduz
89%
824,340 Valencia
89%
301,049 Aarhus
84%
562,002 Antwerp
84%
273,626 Bergen
84%
272,657 Ghent
84%
625,956 Palermo
84%
157,659 Salzburg
84%
686,741 Seville
84%
396,315 Utrecht
84%
177,571 Basel
79%
305,314 Graz
79%
511,684 Toulouse
79%
320,365 Eindhoven
74%
132,499 Innsbruck
74%
144,873 Lausanne
74%
213,557 Linz
74%
4,107 San Marino
74%
197,323 Liège
68%
178,098 Uppsala
68%
691,037 Zaragoza
68%
205,763 Charleroi
58%
121,878 Aalborg
53%
102,287 Limerick
53%
241,644 Stavanger
53%
260,180 Tampere
53%
200,652 Trondheim
53%
146,543 Braga
47%
85,910 Galway
47%
216,152 Oulu
37%
169,886 Patras
37%
Liechtenstein 6,290 Schaan
37%
185,480 Odense
32%
Malta 38,615 San Pawl Il-Baħar
32%
320,931 Espoo
26%
71,554 Esbjerg
21%
37,922 Esch-sur-Alzette
21%
146,374 Larissa
21%
129,116 Örebro
21%
188,421 Vila Nova de Gaia
21%
171,454 Amadora
16%
28,841 Birkirkara
16%
22,203 Dudelange
16%
8,326 Encamp
16%
15,506 Escaldes-Engordany
16%
25,152 Mosta
16%
22,037 Sliema
16%
251,152 Vantaa
16%
19,812 Akureyri
11%
30,789 Differdange
11%
125,680 Drammen
11%
7,962 Sant Julià de Lòria
11%
San Marino 11,180 Serravalle
11%
5,705 Triesen
11%
4,806 Balzers
5%
6,955 Borgo Maggiore
5%
4,735 Eschen
5%
2,614 Fiorentino
5%
39,335 Kópavogur
5%
5,979 La Massana
5%
21,086 Pétange
5%
168,152 Piraeus
5%
3,583 Damagnano
0%
30,616 Hafnarfjörður
0%
19,567 Qormi
0%
21,957 Reykjanesbær
0%
81,022 Tallaght
0%
No matching quizzes found
Score Distribution
Percent of People with Each Score
Percentile by Number Answered
Your Score History
You have not taken this quiz